00625cam a22002051 4500001001300000003000400013005001700017008004100034010001700075035002000092040002300112042001200135050002900147110005000176245003300226260009200259300002100351650003000372999001700402sa 67001990 DLC20260227112327.0900301s1965 ii 000 0 eng  asa 67001990  a(OCoLC)21142287 aDLCcViUdViUdDLC apremarc00aLAW 1 aMysore (India).bCommercial Taxes Department.14aThe Mysore sales tax manual. aBangalore :bDirector of Print., Stationery and Publications at the Govt. Press,c1965. a223 p. ;c21 cm. 0aSales taxzIndiazMysore. c72982d72982